| 000 | 00000nam##2200000za#4500 |
| 001 | 9.571580 |
| 003 | CaOODSP |
| 005 | 20211126112844 |
| 007 | cr ||||||||||| |
| 008 | 150406|2001||||xxc|||||o f|0| 0 eng|d |
| 022 | |a1701-9397 |
| 040 | |aCaOODSP|beng |
| 043 | |an-cn--- |
| 086 | 1 |aFB3-2/101-27E-PDF |
| 110 | 2 |aBank of Canada. |
| 245 | 14|aThe monetary transmission mechanism at the sectoral level / |h[electronic resource]|cby Jean Farès and Gabriel Srour. |
| 260 | |aOttawa - Ontario : |bBank of Canada |cDecember 2001. |
| 300 | |a36p.|bgraphs, references |
| 490 | 1 |aBank of Canada working paper|x1701-9397|v2001-27 |
| 500 | |a"This paper relies on simple vector autoregressions to investigate the monetary transmission mechanism in broad sectors of the Canadian economy. Two types of disaggregation are considered: one at the level of final expenditures, and one at the level of production."--Abstract. |
| 500 | |aThe ISSN (1192-5434) for the print edition has been incorrectly copied in this electronic publication. |
| 546 | |aRésumé en français. |
| 590 | |a11-19-Supp|b2011-09-23 |
| 690 | 07|aEconomic indicators|2gcpds |
| 690 | 07|aMonetary policy|2gcpds |
| 690 | 07|aProduction|2gcpds |
| 720 | 1 |aSrour, Gabriel |
| 720 | 1 |aFarès, Jean |
| 776 | 0#|tThe monetary transmission mechanism at the sectoral level / |w(CaOODSP)9.615882 |
| 830 | #0|aWorking paper (Bank of Canada)|x1701-9397|v2001-27|w(CaOODSP)9.504604 |
| 856 | 40|ahttp://publications.gc.ca|qPDF|s138 KB|uhttps://publications.gc.ca/collections/Collection/FB3-2-101-27E.pdf|y2001-27 |